Score 0/10 Timer 03:00
4 Plays Today
Capital City % Correct
Oslo
98%
Helsinki
94.8%
Stockholm
94.6%
Reykjavik
89.1%
Buenos Aires
88.2%
Wellington
88%
Canberra
87.5%
Santiago
87%
Montevideo
77.3%
Tallinn
69.9%
Remove Ads.
Support Sporcle.
Get the best of Sporcle when you Go Orange. This ad-free experience offers more features, more stats, and more fun while also helping to support Sporcle. Thank you for becoming a member.

You're not logged in!

Compare scores with friends on all Sporcle quizzes.
OR
Log In

Show Comments

Extras

Top Quizzes Today


Score Distribution

Your Account Isn't Verified!

In order to create a playlist on Sporcle, you need to verify the email address you used during registration. Go to your Sporcle Settings to finish the process.

Report this User

Report this user for behavior that violates our Community Guidelines.

Details: